Geography Quiz - Statistics

General Stats
  • This quiz has been taken 23 times
  • The average score is 9 of 20
Answer Stats
Hint Answer % Correct
From which Language is Afrikaans Derived? Dutch
91%
In which Country Can we Find Mount Olympus? Greece/ Cyprus/ USA
86%
Newest Country in the World South Sudan
86%
The Main Language of this Country is Khmer Cambodia
82%
Africa's Largest Lake Lake Victoria
82%
Main Northernmost Island of Japan Hokkaido
64%
Smallest Australian State by Population and Area Tasmania
59%
Capital of Montana Helena
55%
Capital of the Ancient Inca Empire Cusco
50%
Name a Semi-Independent Territory in Georgia Abkhazia/ South Ossetia
41%
Name that is most commonly used for “The city of angels, the great city, the residence of the Emerald Buddha, the impregnable city (unlike Ayutthaya) of God Indra, the grand capital of the world endowed with nine precious gems, the happy city, abounding in an enormous Royal Palace that resembles the heavenly abode where reigns the reincarnated god, a city given by Indra and built by Vishnukarn.” Bangkok
36%
South Asian Territory (Seeking Independence) Claimed by 3 Countries Jammu & Kashmir
23%
Flying Fish Cove is the Capital of? Christmas Island
18%
Town/ City that Can be Found in France, the USA, and Senegal St Louis
18%
French Archipelago South of the Canadian Island of Newfoundland St Pierre & Miquelon
18%
City on the 'other side' of the above Baku
14%
Capital of Transnistria Tiraspol
14%
Largest Salt Desert in the World Salar de Tunupa
9%
Turkmen City Formerly Known as Krasnovodsk and Kyzyl-Su Turkmenbashi
9%
Most Active Volcano in Africa Mt Nyiragongo
5%
No matching quizzes found
Score Distribution
Percent of People with Each Score
Percentile by Number Answered
Your Score History
You have not taken this quiz